Abraham Lincoln papers, (Record no. 41681)

MARC details
000 -LEADER
fixed length control field 00930cpcaa2200265 4500
001 - CONTROL NUMBER
control field mm 79004885
003 - CONTROL NUMBER IDENTIFIER
control field DLC
005 - DATE AND TIME OF LATEST TRANSACTION
control field 20260227111648.0
008 - FIXED-LENGTH DATA ELEMENTS--GENERAL INFORMATION
fixed length control field 790731|||||||||||| eng
010 ## - LIBRARY OF CONGRESS CONTROL NUMBER
LC control number mm 79004885
040 ## - CATALOGING SOURCE
Original cataloging agency DLC
Transcribing agency DLC
Modifying agency DLC
Description conventions dacs
Modifying agency DLC
072 #7 - SUBJECT CATEGORY CODE
Subject category code W
Source lcmd
100 1# - MAIN ENTRY--PERSONAL NAME
Personal name Lincoln, Abraham,
Dates associated with a name 1809-1865.
245 00 - TITLE STATEMENT
Title Abraham Lincoln papers,
Inclusive dates 1895-1946.
300 ## - PHYSICAL DESCRIPTION
Extent 9
Type of unit items.
506 0# - RESTRICTIONS ON ACCESS NOTE
Terms governing access Open to research.
520 8# - SUMMARY, ETC.
Summary, etc. Collection concerns Lincoln's birth.
533 ## - REPRODUCTION NOTE
Type of reproduction In part, typewritten transcript.
Place of reproduction [S.l.].
546 ## - LANGUAGE NOTE
Language note Collection material in English.
580 ## - LINKING ENTRY COMPLEXITY NOTE
Linking entry complexity note Forms part of: Miscellaneous Manuscripts collection.

No items available.

Powered by Koha